| 000 | 00551nam a22001697a 4500 | ||
|---|---|---|---|
| 005 | 20251108165356.0 | ||
| 008 | 250721s1980 xx 000 0 ara d | ||
| 082 | 1 | 4 | _a962/كام |
| 100 | 1 | _aزهيري، كامل | |
| 245 | 1 | 0 |
_aالنيل في خطر : _bمشروعات تحويل مياه النيل من هرتزل إلى بيجن 1903 - 1980 / |
| 264 | 1 |
_aبيروت : _bدار ابن خلدون، _c1980. |
|
| 300 | _a111ص : وثائق | ||
| 650 | 1 | 7 | _aتاريخ مصر |
| 650 | 1 | 7 | _aنهر النيل |
| 942 |
_2ddc _cBK |
||
| 999 |
_c26410 _d26410 |
||